Statistics for English Football Championship teams 2018/19

Click here to take the quiz!

General Stats

  • This quiz has been taken 22 times
  • The average score is 18 of 24

Answer Stats

Answer% Correct
Norwich City
95%
Leeds United
95%
Ipswich Town
90%
Sheffield Wednesday
90%
Sheffield United
90%
Middlesbrough
90%
Aston Villa
90%
West Bromwich Albion
86%
Swansea City
86%
Derby County
86%
Birmingham City
81%
Queens Park Rangers
76%
Brentford
76%
Stoke City
71%
Nottingham Forest
71%
Rotherham United
71%
Millwall
67%
Reading
67%
Blackburn Rovers
67%
Wigan Athletic
62%
Bristol City
62%
Preston North End
62%
Bolton Wanderers
57%
Hull City
57%

Score Distribution

Percentile by Number Answered

Percent of People with Each Score

Your Score History

You have not taken this quiz